000 00960cam a2200313 i 4500
001 2263314
003 OSt
005 20180116183009.0
008 780314s1978 nyu 000 1 eng
010 _a 78005151
020 _a0671242156
040 _aDLC
_cDLC
_dDLC
043 _an-us-ny
050 0 0 _aPZ4.L354
_bDo
_aPS3562.A755
082 0 0 _a813/.5/4 LAT 1978
100 1 _aLathen, Emma.
245 1 0 _aDouble, double, oil and trouble /
_cEmma Lathen.
260 _aNew York :
_bSimon and Schuster,
_cc1978.
300 _a255 p. ;
_c21 cm.
440 _aDouble, double, oil and trouble /
600 _aLathen, Emma
650 0 _aThatcher, John Putnam (Fictitious character)
_vFiction.
650 0 _aBankers
_vFiction.
651 0 _aNew York (N.Y.)
_vFiction.
651 0 _aWall Street (New York, N.Y.)
_vFiction.
655 7 _aDetective and mystery stories.
_2gsafd
906 _a7
_bcbc
_corignew
_d1
_eocip
_f19
_gy-gencatlg
942 _2ddc
_cBK
999 _c350181
_d350181